| 000 | 00779 a2200193 4500 | ||
|---|---|---|---|
| 003 | Nust | ||
| 005 | 20230202142305.0 | ||
| 010 | _a56007172 | ||
| 040 | _cNust | ||
| 082 | _a947,WOL | ||
| 100 |
_aWolfe, Bertram David, _9108549 |
||
| 245 |
_aSix keys to the Soviet system / _cBertram David Wolfe, With an introd. by Leslie C. Stevens |
||
| 260 |
_aBoston, _bBeacon Press _cc1956 |
||
| 300 |
_a258 p _b22 cm |
||
| 505 | _aThe Struggle For Power (Page-3), The Coordination Of Culture (Page-41), The Worker In The Workers State (Page-118), The Two Types Of Soviet Election (Page-150), The Kremlin As Ally And Neighbor (Page-161), The Nature Of Totalitarianism (Page-236). | ||
| 600 |
_aWolfe, Bertram David, _9108549 |
||
| 650 |
_aRussian Govt System _9108550 |
||
| 942 |
_2ddc _cBK |
||
| 999 |
_c187280 _d187280 |
||